000 00515cam a22002172a 4500
001 024664
003 AR-FADEU
008 311216n2001####xxu####################dd
020 _a84-481-3185-1
092 _a301
_bR598-3
_eBDT
100 _aRitzer, George
245 _aTeoría sociológica contemporánea
250 _a3a. ed
260 _aMéxico
260 _bMcGraw-Hill
260 _c2001
300 _a660 p
500 _aIncluye bibliografía
650 _aSOCIOLOGIA-TEORIA/BDT/
942 _cBDT
999 _c30351
_d30351